[Event "3rd Asia-ch"]
[Site "Kolkata IND"]
[Date "2001.08.16"]
[Round "10"]
[White "Rahman, Ziaur"]
[Black "Sriram, Jha"]
[Result "1-0"]
[WhiteElo "2468"]
[BlackElo "2399"]
[EventDate "2001.08.09"]
[PlyCount "157"]

1.c4 c6 2.d4 d5 3.Nf3 Nf6 4.Nc3 e6 5.Bg5 dxc4 6.e4 b5 7.e5 h6 8.Bh4 g5 9.
Nxg5 hxg5 10.Bxg5 Nbd7 11.exf6 Bb7 12.g3 c5 13.d5 Qb6 14.Bg2 b4 15.O-O 
O-O-O 16.Na4 Qa6 17.a3 Bxd5 18.Bxd5 Ne5 19.axb4 Rxd5 20.Qe2 cxb4 21.Nc3 
Qc6 22.Bf4 bxc3 23.Bxe5 Rd2 24.Qe1 Bc5 25.bxc3 Rd3 26.Bd4 Qf3 27.Ra5 Bb6 
28.Bxb6 axb6 29.Ra7 Rd7 30.Qa1 Rxa7 31.Qxa7 Qb7 32.Qa4 b5 33.Qb4 Rd8 34.h4
Rd5 35.Qf8+ Rd8 36.Qc5+ Kb8 37.Ra1 Rd7 38.h5 b4 39.Qf8+ Kc7 40.cxb4 Qb6 
41.h6 c3 42.Rc1 Qc6 43.Qc5 Qxc5 44.bxc5 Rd5 45.Rxc3 Rh5 46.Ra3 Kb7 47.c6+ 
Kxc6 48.Ra7 Rxh6 49.Rxf7 Kd6 50.Rf8 Ke5 51.Kg2 Kf5 52.f4 Rh7 53.Kf3 Rh3 
54.Kg2 Rh7 55.Kf3 Rh3 56.f7 Kf6 57.Rd8 Kxf7 58.Kg4 Rh6 59.Rb8 Rg6+ 60.Kf3 
Rh6 61.Rb1 Rh2 62.g4 Ra2 63.g5 Ra4 64.Rb7+ Kf8 65.Kg3 Rc4 66.g6 Ra4 67.
Rf7+ Ke8 68.Rh7 Kf8 69.Rc7 Rb4 70.Rf7+ Ke8 71.Kg4 e5 72.Kg5 exf4 73.Rf5 
Ke7 74.Kh6 Ke6 75.Rf8 Ke5 76.g7 Rb1 77.g8=Q Rh1+ 78.Kg5 Rg1+ 79.Kh4 1-0

[Event "3rd Asia-ch"]
[Site "Kolkata IND"]
[Date "2001.08.16"]
[Round "10"]
[White "Roghani, Arash"]
[Black "Sandipan, Chanda"]
[Result "0-1"]
[WhiteElo "2294"]
[BlackElo "2427"]
[EventDate "2001.08.09"]
[PlyCount "62"]

1.d4 d5 2.Nf3 c6 3.c4 e6 4.Qc2 Nf6 5.g3 Nbd7 6.Bg2 Be7 7.O-O O-O 8.b3 b6 
9.Rd1 Ba6 10.Bf4 Rc8 11.Nc3 Nh5 12.Bc1 Nhf6 13.e4 dxc4 14.Bf4 Re8 15.Nb1 
b5 16.bxc4 bxc4 17.Nc3 Bb4 18.Ne2 h6 19.Rab1 Bf8 20.h4 Nb6 21.Nc3 Qe7 22.
a4 Nbd7 23.Bh3 Qd8 24.Kg2 Qa5 25.Bd2 Qc7 26.Bf4 Qa5 27.Bd2 Bb4 28.d5 cxd5 
29.exd5 exd5 30.Nxd5 Qxd5 31.Bxd7 Qxf3+ 0-1

[Event "3rd Asia-ch"]
[Site "Kolkata IND"]
[Date "2001.08.16"]
[Round "10"]
[White "Safin, Shukhrat"]
[Black "Iuldachev, Saidali"]
[Result "0-1"]
[WhiteElo "2529"]
[BlackElo "2508"]
[EventDate "2001.08.09"]
[PlyCount "80"]

1.d4 d5 2.c4 dxc4 3.e4 Nf6 4.e5 Nd5 5.Bxc4 Nb6 6.Bd3 Nc6 7.Ne2 Bg4 8.f3 
Be6 9.Nbc3 Qd7 10.Ne4 Bd5 11.Nc5 Qc8 12.a3 e6 13.Qc2 Bxc5 14.Qxc5 Qd7 15.
b4 a6 16.O-O Nc4 17.b5 axb5 18.Qxb5 N6xe5 19.Qxd7+ Nxd7 20.Nf4 Ncb6 21.
Nxd5 Nxd5 22.a4 N7f6 23.Bd2 Kd7 24.a5 c6 25.g4 h5 26.g5 Ne8 27.Rfb1 Nd6 
28.Kf2 Ra7 29.Rb2 b5 30.Rc1 Nf5 31.Bxf5 exf5 32.Ke2 Re8+ 33.Kd3 g6 34.h4 
Re6 35.Rc5 Nc7 36.Re5 Rxe5 37.dxe5 c5 38.Rc2 Ne6 39.Be3 Kc6 40.a6 Rxa6 0-1

[Event "3rd Asia-ch"]
[Site "Kolkata IND"]
[Date "2001.08.16"]
[Round "10"]
[White "Sasikiran, Krishnan"]
[Black "Paragua, Mark"]
[Result "1-0"]
[WhiteElo "2589"]
[BlackElo "2444"]
[EventDate "2001.08.09"]
[PlyCount "53"]

1.d4 Nf6 2.Nf3 g6 3.Bg5 Bg7 4.Nbd2 O-O 5.e4 d5 6.exd5 Nxd5 7.c3 Nd7 8.Bc4 
N7b6 9.Bb3 h6 10.Be3 c5 11.O-O cxd4 12.Bxd4 Bxd4 13.Nxd4 e5 14.N4f3 Nf4 
15.Ne4 Qd3 16.Re1 a5 17.Nxe5 Qxd1 18.Raxd1 a4 19.Bc2 Be6 20.g3 Nh5 21.a3 
Ra5 22.Nxg6 fxg6 23.Rd6 Rb5 24.Rxe6 Rxb2 25.Rxg6+ Ng7 26.Nf6+ Kf7 27.Ng4 
1-0

[Event "3rd Asia-ch"]
[Site "Kolkata IND"]
[Date "2001.08.16"]
[Round "10"]
[White "Torre, Eugenio"]
[Black "Thipsay, Praveen Mahadeo"]
[Result "1-0"]
[WhiteElo "2541"]
[BlackElo "2453"]
[EventDate "2001.08.09"]
[PlyCount "105"]

1.d4 Nf6 2.Bg5 g6 3.Bxf6 exf6 4.e3 f5 5.Ne2 d6 6.g3 Nd7 7.Bg2 Nf6 8.O-O 
Bh6 9.c4 O-O 10.Nbc3 Rb8 11.b4 Be6 12.Qd3 c6 13.d5 cxd5 14.Bxd5 Nxd5 15.
Nxd5 Bxd5 16.Qxd5 Qb6 17.Rab1 Rfc8 18.Qd3 Qc6 19.Rfc1 a6 20.b5 Qe4 21.Qxe4
fxe4 22.Nc3 f5 23.Nd5 Kf7 24.Rb3 axb5 25.Rxb5 Ke6 26.a4 Bg5 27.Rb4 Bd8 28.
h4 Ba5 29.Rb5 b6 30.Nf4+ Kf6 31.h5 Rc6 32.Kg2 Rbc8 33.Rd5 Bb4 34.hxg6 hxg6
35.Rb5 Ba5 36.Rd1 Rd8 37.Rd4 Kf7 38.g4 Bc3 39.Rd1 fxg4 40.Nd5 Ba5 41.Rd4 
Re8 42.Rb1 g5 43.Rh1 Kg6 44.Kg3 Rcc8 45.Kxg4 Re5 46.Rh2 Rd8 47.Rd1 Rg8 48.
Rdh1 Kf7 49.Rh7+ Rg7 50.Rh8 Re8 51.Rxe8 Kxe8 52.Kf5 Rf7+ 53.Ke6 1-0

[Event "3rd Asia-ch"]
[Site "Kolkata IND"]
[Date "2001.08.16"]
[Round "10"]
[White "Villamayor, Buenaventura"]
[Black "Prasad, Devaki"]
[Result "1/2-1/2"]
[WhiteElo "2560"]
[BlackElo "2440"]
[EventDate "2001.08.09"]
[PlyCount "50"]

1.d4 Nf6 2.Nf3 g6 3.c4 c5 4.Nc3 cxd4 5.Nxd4 Nc6 6.g3 d6 7.Bg2 Bd7 8.O-O 
Bg7 9.c5 dxc5 10.Nxc6 Bxc6 11.Bxc6+ bxc6 12.Be3 Nd5 13.Bxc5 Nxc3 14.bxc3 
O-O 15.Qc2 Qc7 16.Rab1 Rfd8 17.Rb3 Rd7 18.Rfb1 Rad8 19.Be3 Qa5 20.Rb4 h5 
21.Ra4 Qxc3 22.Qxc3 Bxc3 23.Rxa7 Rxa7 24.Bxa7 Rd2 25.a4 Ra2 1/2-1/2

[Event "3rd Asia-ch"]
[Site "Kolkata IND"]
[Date "2001.08.16"]
[Round "10"]
[White "Wang Zili"]
[Black "Zagrebelny, Sergei"]
[Result "1/2-1/2"]
[WhiteElo "2557"]
[BlackElo "2466"]
[EventDate "2001.08.09"]
[PlyCount "49"]

1.e4 c5 2.Nf3 d6 3.d4 cxd4 4.Nxd4 Nf6 5.Nc3 a6 6.Be3 e5 7.Nb3 Be6 8.f3 
Nbd7 9.Qd2 b5 10.O-O-O Rc8 11.Kb1 Nb6 12.Qf2 Nfd7 13.Nd5 Bxd5 14.exd5 Nc4 
15.h4 Nxe3 16.Qxe3 Be7 17.Qe1 O-O 18.g4 Re8 19.g5 f5 20.gxf6 Nxf6 21.h5 
Kh8 22.Bd3 Qb6 23.Qd2 Rf8 24.Rdg1 Rc7 25.Rg6 1/2-1/2

[Event "3rd Asia-ch"]
[Site "Kolkata IND"]
[Date "2001.08.16"]
[Round "10"]
[White "Yu Shaoteng"]
[Black "Xu Jun"]
[Result "1/2-1/2"]
[WhiteElo "2517"]
[BlackElo "2646"]
[EventDate "2001.08.09"]
[PlyCount "47"]

1.e4 c5 2.Nf3 d6 3.d4 cxd4 4.Nxd4 Nf6 5.Nc3 Nc6 6.f3 e5 7.Nb3 Be7 8.Be3 
O-O 9.Qd2 a5 10.Bb5 Na7 11.Bd3 Be6 12.Rd1 Nc8 13.a4 Nb6 14.Qf2 Nfd7 15.O-O
Nc4 16.Bxc4 Bxc4 17.Rfe1 Qc7 18.Nd5 Bxd5 19.Rxd5 b6 20.Nc1 f5 21.exf5 Qc4 
22.Rd2 Qxa4 23.Ne2 Rxf5 24.Nc3 1/2-1/2

[Event "3rd Asia-ch"]
[Site "Kolkata IND"]
[Date "2001.08.17"]
[Round "11.3"]
[White "Harikrishna, Pentala"]
[Black "Ghaem Maghami, Ehsan"]
[Result "1/2-1/2"]
[WhiteElo "2522"]
[BlackElo "2509"]
[EventDate "2001.08.09"]
[PlyCount "52"]

1.d4 Nf6 2.Nf3 c5 3.c3 e6 4.Bf4 Nc6 5.e3 d5 6.Nbd2 Bd6 7.Bg5 O-O 8.Bd3 e5 
9.dxe5 Nxe5 10.Nxe5 Bxe5 11.Nf3 Bc7 12.Bc2 Be6 13.Qd3 g6 14.O-O Kg7 15.
Rad1 h6 16.Bh4 Qe7 17.Qe2 Rad8 18.Bb3 Rfe8 19.Rfe1 a6 20.a4 g5 21.Bg3 Bxg3
22.hxg3 Bg4 23.Rd2 Qc7 24.Qd1 Be6 25.Qc1 b5 26.Bc2 Ne4 1/2-1/2

[Event "3rd Asia-ch"]
[Site "Kolkata IND"]
[Date "2001.08.17"]
[Round "11.4"]
[White "Kostenko, Petr"]
[Black "Yu Shaoteng"]
[Result "1/2-1/2"]
[WhiteElo "2494"]
[BlackElo "2517"]
[EventDate "2001.08.09"]
[PlyCount "114"]

1.c4 Nf6 2.Nc3 e6 3.e4 d5 4.e5 d4 5.exf6 dxc3 6.bxc3 Qxf6 7.Nf3 e5 8.Bd3 
Na6 9.Qe2 Bd6 10.Bc2 O-O 11.O-O Bf5 12.d4 exd4 13.cxd4 Rfe8 14.Be3 c5 15.
Qd2 Bxc2 16.Qxc2 cxd4 17.Bxd4 Qg6 18.Qb2 b6 19.Rad1 Nc5 20.Bxg7 Bxh2+ 21.
Nxh2 Qxg7 22.Qa3 Re4 23.Rc1 Kh8 24.Rc3 Rh4 25.Rh3 Rxh3 26.Qxh3 Rg8 27.Rd1 
Ne6 28.g3 Qe5 29.Qg2 Qc3 30.Qf3 Qxf3 31.Nxf3 Rd8 32.Rd5 Kg7 33.Kf1 Kf6 34.
Ke2 Rxd5 35.cxd5 Nc7 36.d6 Nb5 37.d7 Ke7 38.Kd3 Kxd7 39.Ng5 Ke7 40.Nxh7 f6
41.g4 Nd6 42.g5 fxg5 43.Nxg5 a6 44.Ne4 Nb5 45.Nc3 Nc7 46.Ke4 Ke6 47.Kd4 
Kd6 48.Ke4 b5 49.f4 b4 50.Na4 Nd5 51.f5 Nc3+ 52.Nxc3 bxc3 53.Kd3 Ke5 54.
Kxc3 Kxf5 55.Kb4 Ke6 56.Ka5 Kd7 57.Kxa6 Kc7 1/2-1/2

[Event "3rd Asia-ch"]
[Site "Kolkata IND"]
[Date "2001.08.17"]
[Round "11.5"]
[White "Li Wenliang"]
[Black "Barua, Dibyendu"]
[Result "1/2-1/2"]
[WhiteElo "2494"]
[BlackElo "2499"]
[EventDate "2001.08.09"]
[PlyCount "20"]

1.d4 d5 2.c4 e6 3.Nc3 Nf6 4.Nf3 c6 5.e3 Nbd7 6.Qc2 Bd6 7.b3 O-O 8.Be2 Re8 
9.O-O dxc4 10.bxc4 e5 1/2-1/2

[Event "3rd Asia-ch"]
[Site "Kolkata IND"]
[Date "2001.08.17"]
[Round "11.6"]
[White "Zhang Pengxiang"]
[Black "Dzhumaev, Marat"]
[Result "1-0"]
[WhiteElo "2487"]
[BlackElo "2497"]
[EventDate "2001.08.09"]
[PlyCount "93"]

1.e4 g6 2.d4 Bg7 3.Nc3 d6 4.f4 Nf6 5.Nf3 O-O 6.Bd3 Na6 7.e5 Ne8 8.Be3 c5 
9.dxc5 Nxc5 10.Bxg6 fxg6 11.Bxc5 Bg4 12.exd6 Nxd6 13.Qd5+ Kh8 14.Bd4 Bxf3 
15.Bxg7+ Kxg7 16.gxf3 Nf5 17.O-O-O Qxd5 18.Rxd5 Rad8 19.Re5 Rd7 20.Rhe1 
Rc8 21.Ne4 Nd4 22.Nc5 Rdc7 23.Rxe7+ Rxe7 24.Rxe7+ Kh6 25.Ne4 Rxc2+ 26.Kd1 
Nf5 27.Rxh7+ Kxh7 28.Kxc2 Nd4+ 29.Kd3 Nf5 30.Ng3 Nh4 31.Ke4 Kg7 32.f5 g5 
33.Nh5+ Kf7 34.h3 Ng2 35.f4 gxf4 36.Nxf4 Nh4 37.Ng6 Ng2 38.Ne5+ Kf6 39.Nf3
Kg7 40.Ke5 Kh6 41.f6 Kg6 42.h4 a5 43.a4 b6 44.b3 Kh7 45.Ng5+ Kh6 46.f7 Kg7
47.h5 1-0

[Event "3rd Asia-ch"]
[Site "Kolkata IND"]
[Date "2001.08.17"]
[Round "11.7"]
[White "Vladimirov, Evgeny"]
[Black "Al-Modiahki, Mohamad"]
[Result "1/2-1/2"]
[WhiteElo "2612"]
[BlackElo "2492"]
[EventDate "2001.08.09"]
[PlyCount "62"]

1.Nf3 Nf6 2.c4 g6 3.g3 Bg7 4.Bg2 O-O 5.d4 d6 6.O-O Nc6 7.Nc3 a6 8.d5 Na5 
9.Nd2 c5 10.Qc2 Rb8 11.Rb1 b5 12.b3 e5 13.e4 Bh6 14.cxb5 axb5 15.b4 cxb4 
16.Rxb4 Ba6 17.Nb3 Bxc1 18.Rxc1 Nd7 19.Bf1 Nc5 20.Nxa5 Qxa5 21.Rcb1 f5 22.
a4 fxe4 23.Nxe4 Nxe4 24.Qxe4 Bc8 25.Rxb5 Rxb5 26.axb5 Qa2 27.Qe1 Rxf2 28.
Ra1 Qb2 29.Rb1 Qa2 30.Ra1 Qb2 31.Rb1 Qa2 1/2-1/2

[Event "3rd Asia-ch"]
[Site "Kolkata IND"]
[Date "2001.08.17"]
[Round "11.8"]
[White "Vakhidov, Tahir"]
[Black "Wang Zili"]
[Result "1/2-1/2"]
[WhiteElo "2474"]
[BlackElo "2557"]
[EventDate "2001.08.09"]
[PlyCount "74"]

1.Nf3 c5 2.c4 Nf6 3.Nc3 e6 4.g3 b6 5.Bg2 Bb7 6.O-O Be7 7.d4 cxd4 8.Qxd4 d6
9.Rd1 a6 10.Bg5 Nbd7 11.Qd2 Rc8 12.Bf4 Rxc4 13.Bxd6 Bxd6 14.Qxd6 Qc7 15.
Qa3 Qc5 16.Qxc5 Rxc5 17.Ne5 Bxg2 18.Nxd7 Nxd7 19.Kxg2 Ke7 20.Rd4 Rhc8 21.
Rad1 R8c7 22.f4 f5 23.e4 Nf6 24.exf5 exf5 25.Re1+ Kf7 26.Rd6 R5c6 27.Ree6 
Rxd6 28.Rxd6 b5 29.a3 Rd7 30.Rxa6 Rd2+ 31.Kg1 Ng4 32.Nxb5 Rd1+ 33.Kg2 Rd2+
34.Kg1 Rd1+ 35.Kg2 Rd2+ 36.Kg1 Rd1+ 37.Kg2 Rd2+ 1/2-1/2

[Event "3rd Asia-ch"]
[Site "Kolkata IND"]
[Date "2001.08.17"]
[Round "11.10"]
[White "Zagrebelny, Sergei"]
[Black "Torre, Eugenio"]
[Result "1/2-1/2"]
[WhiteElo "2466"]
[BlackElo "2541"]
[EventDate "2001.08.09"]
[PlyCount "98"]

1.e4 e5 2.Nf3 Nc6 3.Bb5 Bc5 4.O-O d6 5.c3 Bd7 6.d4 Bb6 7.Re1 Nge7 8.Na3 a6
9.Bxc6 Nxc6 10.Nc4 Bg4 11.h3 Bxf3 12.Qxf3 Ba7 13.Qg3 Qf6 14.Bg5 Qg6 15.
dxe5 b5 16.Ne3 Bxe3 17.Qxe3 Nxe5 18.f4 Nc4 19.Qf2 f6 20.Bh4 O-O 21.b3 Nb6 
22.Qd4 Rae8 23.Re3 Qf7 24.Rae1 Nd7 25.Bg3 Nc5 26.Kh2 h5 27.f5 Re7 28.b4 
Nd7 29.Qa7 Qc4 30.Qxa6 h4 31.Bxh4 Nb6 32.Bg3 Qc6 33.Qa3 Nc4 34.Qb3 Rfe8 
35.R3e2 Rxe4 36.Rxe4 Rxe4 37.a4 bxa4 38.Qb1 d5 39.b5 Qe8 40.Rd1 Re2 41.Qd3
Kh7 42.Ra1 a3 43.Bxc7 Rd2 44.Qg3 Qe4 45.Re1 Rxg2+ 46.Qxg2 Qxe1 47.b6 Nxb6 
48.Bxb6 Qe5+ 49.Kg1 Qxf5 1/2-1/2

[Event "3rd Asia-ch"]
[Site "Kolkata IND"]
[Date "2001.08.17"]
[Round "11.11"]
[White "Wang Yue"]
[Black "Nguyen Anh Dung"]
[Result "0-1"]
[WhiteElo "2466"]
[BlackElo "2533"]
[EventDate "2001.08.09"]
[PlyCount "82"]

1.d4 Nf6 2.c4 e6 3.Nc3 Bb4 4.e3 c5 5.Ne2 b6 6.a3 Ba5 7.Rb1 Na6 8.Qa4 Bb7 
9.Bd2 Bc6 10.Qc2 O-O 11.Ng3 Bb7 12.f3 Rc8 13.Bd3 h6 14.Nb5 Bxd2+ 15.Qxd2 
cxd4 16.exd4 d5 17.cxd5 Qxd5 18.Ne4 Nxe4 19.fxe4 Qd7 20.e5 Nc7 21.Nd6 Rb8 
22.O-O Ba6 23.Bxa6 Nxa6 24.Rf3 f5 25.d5 Nc7 26.dxe6 Nxe6 27.Rbf1 f4 28.Qd5
Kh8 29.h4 Rbc8 30.Qe4 Rcd8 31.Qg6 Qc7 32.R3f2 Nd4 33.Qh5 f3 34.g3 Nc6 35.
Nf5 Qxe5 36.Rxf3 Nd4 37.Re3 Qf6 38.g4 Nxf5 39.gxf5 Qd4 40.Qe2 Rde8 41.Re1 
Rxf5 0-1

[Event "3rd Asia-ch"]
[Site "Kolkata IND"]
[Date "2001.08.17"]
[Round "11.12"]
[White "Odeev, Handszar"]
[Black "Al-Rakib, Abdullah"]
[Result "1-0"]
[WhiteElo "2479"]
[BlackElo "2393"]
[EventDate "2001.08.09"]
[PlyCount "67"]

1.e4 c6 2.d4 d5 3.Nc3 dxe4 4.Nxe4 Nd7 5.Bc4 Ngf6 6.Nxf6+ Nxf6 7.c3 Qc7 8.
Qe2 Bf5 9.Nf3 e6 10.Ne5 Bd6 11.Bg5 O-O-O 12.Bxf6 gxf6 13.Nxf7 Qxf7 14.g4 
Qg6 15.gxf5 exf5 16.O-O-O Rhe8 17.Qc2 Re4 18.Kb1 Kb8 19.Bd3 Rf4 20.Rhg1 
Qh5 21.Rg7 Rxf2 22.Qb3 Bc7 23.Ba6 b6 24.Re1 Qxh2 25.a4 Rg2 26.Rf7 Rg1 27.
Rxg1 Qxg1+ 28.Ka2 Qg2 29.Rxh7 Qd5 30.Bc4 Qd6 31.Qc2 f4 32.Qe4 c5 33.Rh5 
cxd4 34.Ba6 1-0

[Event "3rd Asia-ch"]
[Site "Kolkata IND"]
[Date "2001.08.17"]
[Round "11.13"]
[White "Liang Chong"]
[Black "Peng Xiaomin"]
[Result "1/2-1/2"]
[WhiteElo "2556"]
[BlackElo "2629"]
[EventDate "2001.08.09"]
[PlyCount "27"]

1.d4 Nf6 2.c4 g6 3.Nc3 d5 4.Nf3 Bg7 5.e3 O-O 6.Bd2 c6 7.Rc1 Ne4 8.cxd5 
Nxd2 9.Qxd2 cxd5 10.Bd3 Nc6 11.O-O Bg4 12.Be2 Qa5 13.h3 Bxf3 14.Bxf3 
1/2-1/2

[Event "3rd Asia-ch"]
[Site "Kolkata IND"]
[Date "2001.08.17"]
[Round "11.14"]
[White "Magai, Vladimir"]
[Black "Sasikiran, Krishnan"]
[Result "1-0"]
[WhiteElo "2537"]
[BlackElo "2589"]
[EventDate "2001.08.09"]
[PlyCount "81"]

1.d4 d5 2.c4 c6 3.Nf3 Nf6 4.Nc3 dxc4 5.a4 Bf5 6.Ne5 Nbd7 7.Nxc4 Qc7 8.g3 
e5 9.dxe5 Nxe5 10.Bf4 Nfd7 11.Bg2 f6 12.Nxe5 Nxe5 13.a5 a6 14.O-O Rd8 15.
Qa4 Bc5 16.Rad1 g5 17.Nd5 Qg7 18.Be3 Bxe3 19.Nxe3 Rxd1 20.Rxd1 Be6 21.Be4 
O-O 22.Bf5 Bf7 23.Qb4 Rb8 24.Qe7 Ng6 25.Rd8+ Rxd8 26.Qxd8+ Qf8 27.Qxf6 Qe7
28.Qc3 Qd6 29.Bc8 Ne5 30.Bxb7 Nc4 31.Bxa6 Nxe3 32.Qxe3 Qd1+ 33.Kg2 Qd5+ 
34.f3 Qxa5 35.Bd3 h5 36.Qe4 Qc5 37.Qf5 Qe3 38.Qh7+ Kf8 39.Qh6+ Ke7 40.Qxc6
g4 41.Qe4+ 1-0

[Event "3rd Asia-ch"]
[Site "Kolkata IND"]
[Date "2001.08.17"]
[Round "11.15"]
[White "Kazhgaleev, Murtas"]
[Black "Antonio, Rogelio jr"]
[Result "1-0"]
[WhiteElo "2585"]
[BlackElo "2535"]
[EventDate "2001.08.09"]
[PlyCount "50"]

1.e4 e6 2.d4 d5 3.Nc3 Nf6 4.Bg5 dxe4 5.Nxe4 Be7 6.Bxf6 gxf6 7.Nf3 b6 8.
Bb5+ c6 9.Bc4 Qc7 10.Qe2 Bb7 11.O-O-O Nd7 12.Kb1 O-O-O 13.Ba6 Bxa6 14.
Qxa6+ Kb8 15.Rhe1 Rhg8 16.g3 f5 17.Ned2 Bf6 18.Nb3 Bh8 19.a4 h6 20.Qc4 a5 
21.Rd3 Rg4 22.Rc3 Kb7 23.h3 Rgg8 24.Qe2 Qd6 25.Nh2 Ka7 1-0

[Event "3rd Asia-ch"]
[Site "Kolkata IND"]
[Date "2001.08.17"]
[Round "11.16"]
[White "Sadvakasov, Darmen"]
[Black "Liang Jinrong"]
[Result "1/2-1/2"]
[WhiteElo "2568"]
[BlackElo "2510"]
[EventDate "2001.08.09"]
[PlyCount "128"]

1.e4 c5 2.Nf3 e6 3.d4 cxd4 4.Nxd4 Nc6 5.Nc3 Qc7 6.Be2 a6 7.O-O Nf6 8.Be3 
Bb4 9.Na4 Bd6 10.g3 b5 11.Nb6 Rb8 12.Nxc8 Rxc8 13.a4 Nxd4 14.Bxd4 e5 15.
Be3 Bc5 16.Qd3 Qb7 17.axb5 axb5 18.Ra5 Bxe3 19.Qxe3 Qxe4 20.Qxe4 Nxe4 21.
Rxb5 f6 22.f4 exf4 23.Rxf4 Nd6 24.Rb3 Rxc2 25.Rd4 O-O 26.Bd1 Rc6 27.Bf3 
Ra6 28.Be2 Rc6 29.Bf3 Ra6 30.Rbd3 Nf7 31.Bd5 Rd8 32.b4 Kf8 33.Bxf7 Ra1+ 
34.Kf2 Kxf7 35.Rxd7+ Rxd7 36.Rxd7+ Kg6 37.Ke3 Rb1 38.Rd4 Kf5 39.Kd3 Ke5 
40.Re4+ Kd5 41.Rd4+ Ke5 42.Rc4 Kd5 43.Rc5+ Kd6 44.Rc4 Kd5 45.Rh4 g5 46.
Rd4+ Ke5 47.Re4+ Kd5 48.Rd4+ Ke5 49.Rc4 f5 50.Rc5+ Kf6 51.b5 f4 52.gxf4 
gxf4 53.Ke4 Rb4+ 54.Kf3 Kg6 55.h4 h5 56.Rc6+ Kf5 57.Rc5+ Kg6 58.Rg5+ Kh6 
59.Rf5 Kg6 60.Rd5 Kh6 61.Rg5 Rd4 62.Rc5 Rb4 63.Rc6+ Kg7 64.b6 Kf7 1/2-1/2

[Event "3rd Asia-ch"]
[Site "Kolkata IND"]
[Date "2001.08.17"]
[Round "11.18"]
[White "Prasad, Devaki"]
[Black "Kotsur, Pavel"]
[Result "0-1"]
[WhiteElo "2440"]
[BlackElo "2600"]
[EventDate "2001.08.09"]
[PlyCount "70"]

1.e4 c5 2.Nf3 d6 3.d4 cxd4 4.Nxd4 Nf6 5.Nc3 Nc6 6.Bg5 Qb6 7.Nb3 e6 8.Bd3 
Be7 9.Be3 Qc7 10.f4 a6 11.g4 b5 12.g5 Nd7 13.Qf3 Bb7 14.O-O g6 15.Qh3 
O-O-O 16.a4 b4 17.Ne2 h6 18.gxh6 f5 19.Ned4 Nxd4 20.Nxd4 Nc5 21.Bc4 Qd7 
22.c3 e5 23.cxb4 exd4 24.Bxd4 Nxe4 25.b5 a5 26.Rfd1 Kb8 27.Bxh8 Rxh8 28.
Bd5 Bxd5 29.Rxd5 Qa7+ 30.Kg2 Qf2+ 31.Kh1 Qxb2 32.Qa3 Qe2 33.Qa2 Qf3+ 34.
Qg2 Nf2+ 35.Kg1 Nh3+ 0-1

[Event "3rd Asia-ch"]
[Site "Kolkata IND"]
[Date "2001.08.17"]
[Round "11.19"]
[White "Utut Adianto"]
[Black "Rahman, Ziaur"]
[Result "1-0"]
[WhiteElo "2598"]
[BlackElo "2468"]
[EventDate "2001.08.09"]
[PlyCount "89"]

1.Nf3 Nf6 2.c4 b6 3.Nc3 Bb7 4.d4 e6 5.a3 d5 6.Bg5 Be7 7.Bxf6 Bxf6 8.cxd5 
exd5 9.e3 O-O 10.Bd3 c5 11.O-O Nd7 12.Rc1 g6 13.Bb1 Qe7 14.Re1 Bg7 15.Qa4 
a6 16.e4 b5 17.Qd1 c4 18.exd5 Qd6 19.a4 Bh6 20.Ne5 Nf6 21.Rc2 Nxd5 22.axb5
Nxc3 23.bxc3 Qd5 24.Nc6 Qxb5 25.Ne7+ Kh8 26.Re5 Qd7 27.d5 Rad8 28.Rce2 Bg7
29.R5e3 Bf6 30.Re1 Bxe7 31.Rxe7 Qxd5 32.Qg4 Bc8 33.Qh4 Kg7 34.h3 Rd6 35.
R7e5 Qc6 36.Be4 Qd7 37.Bf3 Qc7 38.Bd5 Bf5 39.Re7 Rd7 40.Qd4+ Kh6 41.Qh4+ 
Kg7 42.Qd4+ Kh6 43.Rxd7 Qxd7 44.g4 Be6 45.Re5 1-0

[Event "3rd Asia-ch"]
[Site "Kolkata IND"]
[Date "2001.08.17"]
[Round "11.21"]
[White "Thipsay, Praveen Mahadeo"]
[Black "Nolte, Rolando"]
[Result "0-1"]
[WhiteElo "2453"]
[BlackElo "2324"]
[EventDate "2001.08.09"]
[PlyCount "74"]

1.e4 c5 2.Nf3 d6 3.d4 cxd4 4.Nxd4 Nf6 5.Nc3 a6 6.Be2 e6 7.O-O Qc7 8.f4 Be7
9.a4 Nc6 10.Be3 O-O 11.Kh1 Re8 12.Bd3 Nb4 13.a5 Bd7 14.Qf3 Rac8 15.Qg3 Nh5
16.Qf2 Nf6 17.h3 e5 18.fxe5 dxe5 19.Nf5 Bxf5 20.Qxf5 Nxd3 21.cxd3 Bb4 22.
Bg5 Bxc3 23.Bxf6 Bd2 24.Rad1 Bb4 25.Qg4 g6 26.Rf5 Qd7 27.Qh4 Rc6 28.Rh5 
Qd6 29.Rf5 Re6 30.Rh5 gxh5 31.Bg5 Rg6 32.d4 f6 33.Be3 Rc2 34.Qxh5 exd4 35.
Bxd4 Rcxg2 36.Bg1 Qxd1 37.Qxd1 Rxg1+ 0-1

[Event "3rd Asia-ch"]
[Site "Kolkata IND"]
[Date "2001.08.17"]
[Round "11.22"]
[White "Paragua, Mark"]
[Black "Mallahi, Amir"]
[Result "1/2-1/2"]
[WhiteElo "2444"]
[BlackElo "2416"]
[EventDate "2001.08.09"]
[PlyCount "63"]

1.Nf3 c5 2.g3 Nc6 3.Bg2 g6 4.O-O Bg7 5.c4 e6 6.Nc3 Nge7 7.d3 O-O 8.a3 a6 
9.Bg5 h6 10.Bd2 Rb8 11.Ne1 b5 12.Nc2 bxc4 13.dxc4 Rxb2 14.Na4 Rb8 15.Nxc5 
Ne5 16.Bf4 g5 17.Bxe5 Bxe5 18.Rb1 Rxb1 19.Qxb1 d6 20.Nd3 Bg7 21.Rc1 Qc7 
22.c5 dxc5 23.Ne3 Qa5 24.Qb3 Bd4 25.Ng4 Qb5 26.Qd1 c4 27.Nb4 Bg7 28.e4 a5 
29.Nc2 Nc6 30.f4 Rd8 31.Qf1 gxf4 32.gxf4 1/2-1/2

[Event "3rd Asia-ch"]
[Site "Kolkata IND"]
[Date "2001.08.17"]
[Round "11.23"]
[White "Kunte, Abhijit"]
[Black "Hossain, Enamul"]
[Result "1/2-1/2"]
[WhiteElo "2547"]
[BlackElo "2353"]
[EventDate "2001.08.09"]
[PlyCount "77"]

1.e4 c5 2.Nf3 Nc6 3.d4 cxd4 4.Nxd4 Nf6 5.Nc3 e5 6.Ndb5 d6 7.Bg5 a6 8.Na3 
b5 9.Bxf6 gxf6 10.Nd5 f5 11.Bd3 Be6 12.O-O Bxd5 13.exd5 Ne7 14.c3 Bg7 15.
Qh5 e4 16.Bc2 O-O 17.Rae1 Qc8 18.Bb3 a5 19.Nxb5 a4 20.Bd1 Qc5 21.c4 Qxc4 
22.Be2 Qxa2 23.Qg5 Ng6 24.Nxd6 Qxb2 25.Nxf5 Bf6 26.Rb1 Qe5 27.Qg4 a3 28.
Bc4 Qf4 29.Qh5 a2 30.Bxa2 Rxa2 31.d6 Bg5 32.Rb5 Qd2 33.Ng3 f5 34.Rb7 Rf7 
35.Rxf7 Kxf7 36.h4 Bxh4 37.Qxf5+ Kg7 38.Nxe4 Qf4 39.Qxf4 1/2-1/2

[Event "3rd Asia-ch"]
[Site "Kolkata IND"]
[Date "2001.08.17"]
[Round "11.24"]
[White "Konguvel, Ponnuswamy"]
[Black "Isaev, Jamshed"]
[Result "0-1"]
[WhiteElo "2371"]
[BlackElo "2454"]
[EventDate "2001.08.09"]
[PlyCount "92"]

1.e4 e5 2.Nf3 Qe7 3.Nc3 c6 4.Be2 g6 5.d4 d6 6.dxe5 dxe5 7.Bg5 f6 8.Be3 Nh6
9.Nd2 Be6 10.O-O Nf7 11.f3 Bg7 12.Bc4 O-O 13.Bxe6 Qxe6 14.Qe2 Nd7 15.a4 f5
16.Rfd1 Kh8 17.Qc4 Qe7 18.a5 a6 19.Nb3 f4 20.Bf2 Rg8 21.Nc5 Nf8 22.Qb4 Nd8
23.Nxa6 Qf7 24.Nc5 g5 25.Qb6 Bf6 26.h3 h5 27.Qb3 Qg7 28.Kf1 g4 29.hxg4 
hxg4 30.Ke2 Qe7 31.Rh1+ Kg7 32.fxg4 Nfe6 33.Nxe6+ Nxe6 34.Kf1 Rh8 35.Rxh8 
Rxh8 36.Ne2 Ng5 37.a6 bxa6 38.Rxa6 Nxe4 39.Qb6 Qd6 40.Ra1 Rh1+ 41.Bg1 Nd2+
42.Ke1 Bh4+ 43.g3 fxg3 44.Ra7+ Kg6 45.Qe3 g2+ 46.Kd1 Nf3+ 0-1

[Event "3rd Asia-ch"]
[Site "Kolkata IND"]
[Date "2001.08.17"]
[Round "11.25"]
[White "Donguines, Fernie"]
[Black "Bin Sattar, Reefat"]
[Result "0-1"]
[WhiteElo "2411"]
[BlackElo "2444"]
[EventDate "2001.08.09"]
[PlyCount "63"]

1.e4 c5 2.Nf3 Nc6 3.d4 cxd4 4.Nxd4 Qc7 5.Nc3 e6 6.g3 a6 7.Bg2 Nf6 8.O-O 
Bc5 9.Nxc6 dxc6 10.Qe2 e5 11.Be3 Bg4 12.Qe1 Bxe3 13.Qxe3 Rd8 14.f4 Bc8 15.
h3 Nd7 16.Kh1 Qb6 17.Qc1 O-O 18.f5 f6 19.g4 a5 20.Rf3 Qc5 21.a4 Qe7 22.Rg3
Nc5 23.Qe3 b6 24.Rg1 g5 25.Bf1 Rd4 26.R1g2 Ba6 27.Be2 b5 28.Bf3 b4 29.Ne2 
Rd1+ 30.Ng1 Rd7 31.h4 h6 32.Rh2 0-1

[Event "3rd Asia-ch"]
[Site "Kolkata IND"]
[Date "2001.08.17"]
[Round "11.28"]
[White "Djao Thien Hai"]
[Black "Dableo, Ronald"]
[Result "1/2-1/2"]
[WhiteElo "2572"]
[BlackElo "2310"]
[EventDate "2001.08.09"]
[PlyCount "26"]

1.d4 d5 2.c4 c6 3.Nf3 Nf6 4.Nc3 a6 5.a4 e6 6.g3 a5 7.Bg2 Na6 8.O-O Nb4 9.
Ne5 Be7 10.f4 O-O 11.Kh1 Ne8 12.b3 Nd6 13.c5 Nf5 1/2-1/2

[Event "3rd Asia-ch"]
[Site "Kolkata IND"]
[Date "2001.08.17"]
[Round "11.29"]
[White "Sriram, Jha"]
[Black "Hoang Thanh Trang"]
[Result "0-1"]
[WhiteElo "2399"]
[BlackElo "2445"]
[EventDate "2001.08.09"]
[PlyCount "58"]

1.d4 f5 2.g3 Nf6 3.Bg2 g6 4.Nh3 Bg7 5.Nf4 e6 6.h4 Nc6 7.d5 exd5 8.h5 Ne5 
9.hxg6 hxg6 10.Rxh8+ Bxh8 11.Nxd5 c6 12.Nf4 d5 13.Nd2 Qb6 14.Nb3 Nfg4 15.
e3 Bd7 16.Bd2 Nc4 17.Nxg6 Bxb2 18.Rb1 Qd8 19.Na5 Nxd2 20.Rxb2 Ne4 21.Nxb7 
Qf6 22.Qd4 Qxg6 23.Qh8+ Kf7 24.Qxa8 Qf6 25.Qb8 Qc3+ 26.Kf1 Qd2 27.Nd6+ 
Nxd6 28.Bxd5+ cxd5 29.c3 Bb5+ 0-1

[Event "3rd Asia-ch"]
[Site "Kolkata IND"]
[Date "2001.08.17"]
[Round "11.30"]
[White "Ravi, Lanka"]
[Black "Lodhi, Mahmood"]
[Result "1/2-1/2"]
[WhiteElo "2389"]
[BlackElo "2410"]
[EventDate "2001.08.09"]
[PlyCount "25"]

1.d4 Nf6 2.c4 g6 3.Nc3 c5 4.d5 d6 5.e4 Bg7 6.Bd3 O-O 7.Nge2 e5 8.O-O Nh5 
9.Be3 a5 10.Qd2 f5 11.exf5 gxf5 12.f4 e4 13.Bc2 1/2-1/2